00437nam a22001697a 450000500170000001000150001702000260003203500140005803700090007208200110008110000190009224500320011125000060014326000340014927000640018330000200024720250724154617.0 aENG-146145 c350.00a9789348892973 aEN-129677 bDBAD a88121 aSarada, Salini aReflections/cSalini Sarada a1 aKolkatabExceller Booksc2024 aG1 Dream Apartment, Degree College Roadb Belgharia,Kolkata a62p. c22cm(pb)